000 00295nam a22001337a 4500
003 SGT
020 _a978-0-500-29447-5
082 _a747
_bTAN
100 _aTANGAZ, TOMINS
245 _aTHE INTERIOR DESIGN COURSE
260 _aUK.
_bTHAMES & HUDSON
_c2022
300 _a144
942 _2ddc
_cBK
999 _c33209
_d33209